| 000 | 00527nam a2200217Ia 4500 | ||
|---|---|---|---|
| 008 | 170918s9999 xx 000 0 und d | ||
| 020 | _a9780590426893 | ||
| 050 | _bW281 1977 | ||
| 100 | _aWarner, Gertrude Chandler | ||
| 245 | _aSurprise island / | ||
| 245 | _cGertrude Chandler Warner ; | ||
| 260 | _aNew York : | ||
| 260 | _bScholastic, | ||
| 260 | _c1977 | ||
| 300 | _a178 pages : | ||
| 300 | _bcolored illustration ; | ||
| 300 | _c19cm. | ||
| 440 | _aThe boxcar children ; | ||
| 440 | _v2 | ||
| 500 | _a530 | ||
| 999 |
_c341641 _d341641 |
||